| 000 | 00406nam a22001457a 4500 | ||
|---|---|---|---|
| 082 |
_a355.021754 _bKHA _cL-N, P-22 |
||
| 100 |
_aKhanna, S.K. _948752 |
||
| 245 |
_aIndia a nuclear power _cS K Khanna |
||
| 250 | _a1st | ||
| 260 |
_aNew Delhi _bAjay Verma for Commonwealth Publishers _c1998 |
||
| 300 | _avi, 213 p. : | ||
| 526 |
_a0 _b0 _c0 _d355_021754000000000_KHA |
||
| 650 |
_aMCE _9379 |
||
| 942 |
_2ddc _cBK |
||
| 999 |
_c551603 _d551603 |
||